000 00568nam a2200205 a 4500
001 13872
003 CO-ViMGA
008 141112s2004 ck r 000 u spa d
020 _a84801312176
040 _aCO-ViMGA
_bspa
_cCO-ViMGA
082 0 4 _a796.334 P433a
100 1 _aPidelaserra, Francesc R.
_920223
245 1 0 _aAplicacion practica de entrenamiento integrado en futbol
260 _aMadrid :
_bGymnos,
_c1998
300 _a87
590 _aForma de adquisición : Compra
650 1 4 _aENTRENAMIENTO DE FUTBOL
_915811
650 1 4 _aFUTBOL
942 _2ddc
_cBK
999 _c24574
_d24574